| 000 | 00610nam a22001697a 4500 | ||
|---|---|---|---|
| 003 | BD-DhUL | ||
| 005 | 20160823102916.0 | ||
| 008 | 160823b xxu||||| |||| 00| 0 eng d | ||
| 040 | _cBD-DhUL | ||
| 082 |
_a332.49 _bKAT |
||
| 100 | _aকাদির, সিরাজুল ইসলাম | ||
| 245 |
_aটাকা এলো কেমন করে / _cকাদির, সিরাজুল ইসলাম |
||
| 260 |
_aঢাকা : _bইউনিভার্সিটি, _c১৯৯০. |
||
| 300 |
_a৬৯ পৃ. ; _c২২ সেমি. |
||
| 650 |
_aইতিহাস _vHistory |
||
| 942 |
_2ddc _cBK |
||
| 999 |
_c100751 _d100751 |
||